000 00601nam a22001817a 4500
020 _qHard Cover.
082 _a621.3
100 _aSarosh Khan, Saeed Yaseen, Waqas Ali & M. Waqas Malik
245 _aEngineering Economics Cost Benefit Analysis
260 _aIslamabad :
_bSEECS - NUST,
_c2006.
300 _a38 p. : ill. ;
_c30cm.
563 _aHBK.
650 _aElectronics Engineering-Project Reprot
_934441
700 _aMr. Aslam Bazmi.
_934442
856 _uhttp://10.250.8.41:8080/xmlui/handle/123456789/28841
942 _2ddc
_cPR
999 _c540424
_d540424